Spin casting of zinc alloys into silicone moulds /

Enregistré dans:
Détails bibliographiques
Auteur principal: Bajčičák, Martin, 1984- (Auteur)
Autres auteurs: Bolibruchová, Dana (Critique), Mäsiar, Harold (Critique), Vasková, Iveta (Critique)
Format: Livre
Langue:anglais
Publié: Köthen, Germany Hochschule Anhalt 2015
Édition:1st ed.
Collection:Scientific Monographs
Tags: Ajouter un tag
Pas de tags, Soyez le premier à ajouter un tag!

MARC

LEADER 00000nam a22000003a 4500
001 0003416
003 SK-STU
005 20220215183516.2
007 ta
008 150316s ----xo-----e------000-0-----d
020 |a 978-3-86011-077-5 
040 |a STU  |b slo 
041 0 |a eng  |b eng 
044 |a gw 
100 1 |a Bajčičák, Martin,  |d 1984-  |u 063700  |r Z1  |4 aut  |9 100  |U MTF Ústav výrobných technológií  |T MTF Katedra zvárania a zlievarenstva  |X 27514  |U M3700  |Y 842  |7 A000027514 
245 1 0 |a Spin casting of zinc alloys into silicone moulds /  |c aut. Martin Bajčičák ; Dana Bolibruchová, Harold Mäsiar, Iveta Vasková 
250 |a 1st ed. 
260 |a Köthen, Germany  |b Hochschule Anhalt  |c 2015 
300 |a 90 p. 
490 1 |a Scientific Monographs 
700 1 |a Bolibruchová, Dana  |4 rev 
700 1 |a Mäsiar, Harold  |r Z5  |4 rev 
700 1 |a Vasková, Iveta  |r Z5  |4 rev 
996 |b 284M086367  |c M*13768-1  |l MMST  |s A  |a 24  |w 0003416_0001